Library Buildings; 1972 issue/ compled by the architect/ Librarian working party. (Record no. 1350)
[ view plain ]
| 000 -LEADER | |
|---|---|
| fixed length control field | 00493nam a2200121Ia 4500 |
| 008 - FIXED-LENGTH DATA ELEMENTS--GENERAL INFORMATION | |
| fixed length control field | 180412s9999||||xx |||||||||||||| ||und|| |
| 020 ## - INTERNATIONAL STANDARD BOOK NUMBER | |
| International Standard Book Number | 853651663 |
| 040 ## - CATALOGING SOURCE | |
| Original cataloging agency | Ahmadu Bello University Library - Zaria |
| 100 ## - MAIN ENTRY--PERSONAL NAME | |
| Personal name | LIBRARY Building. |
| 245 #0 - TITLE STATEMENT | |
| Title | Library Buildings; 1972 issue/ compled by the architect/ Librarian working party. |
| Statement of responsibility, etc. | Herbert Ward, Sally Odd. |
| 260 ## - PUBLICATION, DISTRIBUTION, ETC. | |
| Name of publisher, distributor, etc. | Library Association; London. |
| Date of publication, distribution, etc. | 1973 |
| 300 ## - PHYSICAL DESCRIPTION | |
| Extent | 99p.; ill. |
| 600 ## - SUBJECT ADDED ENTRY--PERSONAL NAME | |
| Personal name | Librarianship; organizations, buildings, administration, etc. Divide by Table 1 |
No items available.